| 000 | 01314aam a2200373 i 4500 | ||
|---|---|---|---|
| 999 |
_c7308 _d7308 |
||
| 001 | .b74840411 | ||
| 003 | OSt | ||
| 005 | 20211007133825.0 | ||
| 008 | 201229e202011 spc 000 0acat|c | ||
| 015 |
_aLL2021 _2bnc |
||
| 017 |
_aDL B 17687-2020 _bBiblioteca de Catalunya |
||
| 020 | _a8417804692 | ||
| 020 | _a9788417804695 | ||
| 040 |
_aES-BaUAB _bcat _erda _cES-BaUAB _dES-BaBC |
||
| 080 |
_a929Basté, Jordi _22004 |
||
| 080 |
_a616.2-022:316.4 _22004 |
||
| 100 | 1 |
_aBasté, Jordi, _eautor |
|
| 245 | 1 | 0 |
_aSol com un mussol / _cJordi Basté ; pròleg de Mònica Terribas ; epíleg de Jaume Padrós |
| 250 | _aPrimera edició | ||
| 264 | 1 |
_aBarcelona : _bAra Llibres, _cnovembre del 2020 |
|
| 300 |
_a213 pàgines ; _c22 cm |
||
| 336 |
_atext _btxt _2rdacontent |
||
| 337 |
_asense mediació _bn _2rdamedia |
||
| 338 |
_avolum _bnc _2rdacarrier |
||
| 600 | 1 | 7 |
_aBasté, Jordi _2lemac |
| 650 | 7 |
_aCOVID-19 (Malaltia) _xAspectes socials _2lemac |
|
| 650 | 0 |
_aCOVID-19 (Malaltia) _xDiaris íntims _94656 |
|
| 700 | 1 |
_aTerribas i Sala, Mònica, _eescriptor d'un pròleg |
|
| 700 | 1 |
_aPadrós, Jaume, _d1959- _eescriptor d'un epíleg |
|
| 730 | 3 | _aEl Món a RAC1 (Programa de ràdio) | |
| 907 |
_a.b74840411 _b17-02-21 _c20-01-21 _d29-12-20 _em _fa _g- _hcat _ispc _j0 _k0 |
||
| 940 | _aUAB | ||
| 942 |
_2udc _cMON |
||